| 000 | 00671nam a2200217 a 4500 | ||
|---|---|---|---|
| 008 | |||
| 049 | 9 | 9 | _aMAIN |
| 090 | 0 | 0 | _aHD69.D4 |
| 100 | 1 | _aDavies, Duncan. | |
| 245 | 1 | 0 |
_aIntroduction to technological economics _c[by] Duncan Davies [and] Callum McCarthy. |
| 260 |
_aLondon : _bWiley , _c[1967] |
||
| 300 |
_axvii, 194 p. : _bill ; _c23 cm. |
||
| 504 | _aIncludes bibliographical references: p. 189-194. | ||
| 650 | 0 | _aDecision-making. | |
| 700 | 1 |
_aMcCarthy, Callum, _ejoint author. |
|
| 907 |
_a.b10162884 _b17-01-06 _c10-05-05 |
||
| 003 | |||
| 005 | 20230123134009.0 | ||
| 040 | _cNUST | ||
| 942 |
_cBOOKS _kHD69.D4 |
||
| 999 |
_c158232 _d158232 |
||